All the math that's fit to print: articles from the Manchester Guardian

Αποθηκεύτηκε σε:
Λεπτομέρειες βιβλιογραφικής εγγραφής
Κύριος συγγραφέας: Devlin, Keith (Συγγραφέας)
Μορφή: Βιβλίο
Γλώσσα:Αγγλικά
Έκδοση: Washington, D.C The Mathematical Association 1994
Σειρά:Spectrum Series
Θέματα:
Ετικέτες: Προσθήκη ετικέτας
Δεν υπάρχουν, Καταχωρήστε ετικέτα πρώτοι!

MARC

LEADER 00000nam a2200000 a 4500
001 UCU3315
003 CL-VaPUC
008 960510e19940000US |||||||||||||||||eng|d
082 0 4 |a 510  |b DEV  |2 21 
100 |a Devlin, Keith  |e author  |9 360198 
245 1 0 |a All the math that's fit to print: articles from the Manchester Guardian 
300 |a 330 p 
942 |c BK 
945 |d 19960510 00:00:00  |a rbrito 
260 |a Washington, D.C  |b The Mathematical Association  |c 1994 
650 7 |a NUMEROS PRIMOS  |2 CL-VaPUC  |9 270336 
650 7 |a EQUACIONES  |2 CL-VaPUC  |9 360199 
650 0 |a Números reales   |9 270334 
650 0 |a Algoritmos   |9 260639 
650 0 |a Matemática  |9 260235 
583 |a last modification  |c 19960510 00:00:00  |k Rodrigo Vera 
490 0 |a Spectrum Series 
999 |c 247369  |d 247367 
952 |0 0  |1 0  |4 0  |6 510_000000000000000_DEV_1994  |7 0  |8 A  |9 263256  |a BIBMAT  |b BIBMAT  |d 2019-11-19  |i 3197689  |o 510 DEV 1994  |p 3197689  |r 2025-01-07  |w 2019-11-19  |y BK  |k MAT 
952 |0 0  |1 0  |4 0  |6 510_000000000000000_DEV_1994  |7 0  |8 A  |9 263257  |a BIBMAT  |b BIBMAT  |d 2019-11-19  |i 3159086  |o 510 DEV 1994  |p 3159086  |r 2025-01-07  |w 2019-11-19  |y BK  |k MAT